000 00618nam a2200193 a 4500
005 2011081206536.0
020 _a8173051372
082 _a270
100 1 _aIrving, Washington
_932714
245 1 4 _aMohammed and Islam /
_cby Washington Irving
260 _aDelhi :
_bAryan Book International,
_c2002.
270 _a4378/4B, Pooja Apartment, Ansari Road Darya Ganj
_bNew Delhi
_c110002
300 _aviii, 270 p. ;
_c22 cm. (Hb)
440 _aThe masterpiece library of Islam:
_932710
650 0 _aIslam
_xHistory.
_932715
650 0 _aIslam
_xRelations.
_932716
942 _2ddc
_cEN
_h270
_mIRV
999 _c55325
_d55325